|
|
|
|
| LEADER |
01073nab#a2200361#ar4500 |
| 001 |
000108045 |
| 003 |
SVKKK |
| 005 |
20120502122806.0 |
| 008 |
120502c2010 xo |||||||||||||||b|slo |
| FMT |
|
|
|
| 038 |
|
|
|a SVKKK
|
| 040 |
|
|
|a SVKKK
|b slo
|e AACR2
|
| 041 |
0 |
|
|a slo
|
| 044 |
|
|
|a xo
|c SK
|
| 080 |
|
|
|a 796.55
|2 1997
|
| 080 |
|
|
|a 77:069
|2 1997
|
| 080 |
|
|
|a 929 Kočiš, Pavol
|2 1997
|
| 245 |
1 |
0 |
|a Zdôrazňuje napätie okamihu, nebezpečnosť prostredia či adrenalín aktérov
|b vo FotoGalérii NOVA vystavuje kolekciu 40 farebných fotografií jaskyniar Pavol Kočiš
|c [autor] rob
|
| 300 |
|
|
|b Obr.
|
| 600 |
1 |
4 |
|a Kočiš, Pavol
|x jaskyniar
|
| 610 |
2 |
4 |
|a Fotogaléria NOVA
|x výstavy
|
| 611 |
2 |
4 |
|a Čaro podzemia
|g výstava
|d (2011 : c Košice, Slovensko)
|
| 650 |
0 |
4 |
|a jaskyniarstvo
|
| 650 |
0 |
4 |
|a výstavy
|
| 650 |
0 |
4 |
|a fotografie
|
| 651 |
|
4 |
|a Košice (Slovensko)
|x výstavy
|
| 773 |
0 |
|
|t Košický večer. Korzár
|g Roč. XX, č. 33 (2010), s. 4
|x 1336-5320
|
| 958 |
|
|
|a BX
|
| 974 |
|
|
|a Va
|
| 992 |
|
|
|a RBX
|
| BAS |
|
|
|
| 852 |
|
|
|a SVKKK
|b BIB
|
| 998 |
|
|
|a REG
|